20 Relatively Closest Non-Bordering Country Pairs by Geographical Center - Statistics

General Stats
  • This quiz has been taken 41 times
  • The average score is 21 of 40
Answer Stats
Country % Correct
Iran
69%
Iran
69%
Iran
69%
Iran
69%
Russia
63%
Saudi Arabia
63%
Saudi Arabia
63%
Saudi Arabia
63%
Saudi Arabia
63%
China
60%
Egypt
60%
Lebanon
60%
Qatar
60%
Bahrain
57%
Bahrain
57%
Croatia
57%
Croatia
57%
Kuwait
57%
Turkey
57%
Turkey
57%
Cyprus
54%
Guinea-Bissau
51%
Italy
51%
Italy
51%
Austria
49%
Bosnia and Herzegovina
49%
Gambia
49%
Indonesia
49%
Kazakhstan
46%
Tajikistan
46%
Bangladesh
43%
Brunei
43%
Benin
40%
Thailand
40%
Eritrea
37%
Ghana
37%
Kyrgyzstan
37%
Vietnam
31%
Trinidad and Tobago
14%
Venezuela
14%
No matching quizzes found
Score Distribution
Percent of People with Each Score
Percentile by Number Answered
Your Score History
You have not taken this quiz